Normal view
MARC view
- Joslin, R. D.
Entry Personal Name
001 - CONTROL NUMBER
- control field: 82740
003 - CONTROL NUMBER IDENTIFIER
- control field: NUST
005 - DATE AND TIME OF LATEST TRANSACTION
- control field: 20210924150925.0
008 - FIXED-LENGTH DATA ELEMENTS
- fixed length control field: 210924|| aca||aabn | a|a d
040 ## - CATALOGING SOURCE
- Original cataloging agency: NUST
- Transcribing agency: NUST
100 ## - HEADING--PERSONAL NAME
- Personal name: Joslin, R. D.
- Fuller form of name: (Ronald Douglas),
- Dates associated with a name: 1963-
670 ## - SOURCE DATA FOUND
- Source citation: Work cat.: (NUST)32477: Fundamentals and applications of modern flow control /, c2009.
